| 000 | 00901nam a2200277 i 4500 | ||
|---|---|---|---|
| 001 | 181655 | ||
| 003 | ES-MaACL | ||
| 005 | 20250822063229.0 | ||
| 008 | 130306s1969 sp |||| | cat d | ||
| 080 | _a912.62 | ||
| 080 | _a914.5 | ||
| 080 | _a908(569.4)"1957" | ||
| 100 | 1 |
_aPla, Josep, _d1897-1981 _9164614 |
|
| 245 | 1 | 4 |
_aLes escales de Llevant _b: cartes d'Italia, les escales de Llevant, Israel el 1957 : un reportage. |
| 260 |
_aBarcelona : _bDestino, _c[1969] |
||
| 300 |
_a668 p. ; _c18 cm. |
||
| 490 | 1 |
_aObra Completa de Josep Pla ; _v13 |
|
| 651 | 4 |
_aIsrael- _xDescripción. _98856 |
|
| 651 |
_aItalia- _xDescripción. _98861 |
||
| 651 | 4 |
_aMediterráneo (Región)- _xDescripción. _99044 |
|
| 740 | 0 | 1 | _aCartes d'Italia. |
| 740 | 0 | 1 | _aIsrael el 1957. |
| 830 | 0 |
_aObra Completa de Josep Pla ; _v13 _9191524 |
|
| 852 |
_aES-MaACL _jJ-46(13) |
||
| 999 |
_c181655 _d181655 |
||